Analysis in integer and fractional dimensions (Record no. 11243)
[ view plain ]
| 000 -LEADER | |
|---|---|
| fixed length control field | 01359nam a22003494a 4500 |
| 082 04 - DEWEY DECIMAL CLASSIFICATION NUMBER | |
| Classification number | 515/.2433 |
| 100 1# - MAIN ENTRY--AUTHOR NAME | |
| Personal name | Blei, R. C. |
| 245 10 - TITLE STATEMENT | |
| Title | Analysis in integer and fractional dimensions |
| 260 ## - PUBLICATION, DISTRIBUTION, ETC. (IMPRINT) | |
| Place of publication | Cambridge ; |
| -- | New York : |
| Name of publisher | Cambridge University Press, |
| Year of publication | 2001. |
| 300 ## - PHYSICAL DESCRIPTION | |
| Number of Pages | xix, 556 p. |
| 490 1# - SERIES STATEMENT | |
| Series statement | Cambridge studies in advanced mathematics ; |
| 650 #0 - SUBJECT ADDED ENTRY--TOPICAL TERM | |
| Topical Term | Harmonic analysis. |
| Topical Term | Functional analysis. |
| Topical Term | Probabilities. |
| Topical Term | Inequalities (Mathematics) |
| 856 40 - ELECTRONIC LOCATION AND ACCESS | |
| Uniform Resource Identifier | http://site.ebrary.com/lib/rucke/Doc?id=10014950 |
No items available.
